Pečate miest a obcí

Bibliographic Details
Main Author: Čisárik, Ladislav (Author)
Format: Article
Language:Slovak
PhysicalDescription:Obr.
Subjects:

MARC

LEADER 00000nab a2200000 a 4500
001 vtls000678928
003 SK-MaSNL
005 20260303171141.0
008 040806c1998 xo 0 slo
015 |a SNBRB1998/11-30876 
035 |a CLN000031097 
040 |a SNKBUCL  |b slo  |c SNKBUCL  |e AACR2 
041 0 |a slo 
044 |a xo  |c SK 
080 |a 929.6(437.6)  |2 UDC-MRF-SK2 
100 1 |a Čisárik, Ladislav  |4 aut  |9 376184 
245 1 0 |a Pečate miest a obcí  |c Ladislav Čisárik 
300 |b Obr. 
650 0 7 |a obecné pečate  |2 snkbucl  |9 109844 
651 7 |a Gbely (Slovensko)  |2 snkbucl  |9 58755 
651 7 |a Dolné Obdokovce (Slovensko)  |2 snkbucl  |9 58756 
651 7 |a Nová Dedinka (Slovensko)  |2 snkbucl  |9 17106 
651 7 |a Gemerská Hôrka (Slovensko)  |2 snkbucl  |9 26359 
773 0 |t Verejná správa  |g Č. 24 (1998), s. 11 
850 |a Slovenská národná knižnica v Martine 
852 |a SNK  |b KIS3GCP 
999 |c 2080135  |d 2082065